| 000 | 00509nam a2200205Ia 4500 | ||
|---|---|---|---|
| 008 | 170918s9999 xx 000 0 und d | ||
| 020 | _a9780439441641 | ||
| 050 | _bH551 2003 | ||
| 100 | _aHerman, Gail | ||
| 245 | _aSplish! Splash! / | ||
| 245 | _cby Gail Herman ; illustrated by Bill Basso. | ||
| 260 | _aNew York : | ||
| 260 | _bScholastic, | ||
| 260 | _c2003 | ||
| 300 | _aunpaged : | ||
| 300 | _bcolored illustration ; | ||
| 300 | _c23cm. | ||
| 440 | _aHello reader level 2. | ||
| 500 | _aBR | ||
| 999 |
_c342664 _d342664 |
||